[Event "7. Malaga op"]
[Site "Campillos"]
[Date "2004.02.28"]
[Round "9.12"]
[White "Gutierrez Castillo, Oscar"]
[Black "Bellon Lopez, Juan Manuel"]
[Result "0-1"]
[WhiteElo "2209"]
[BlackElo "2429"]
[PlyCount "50"]
[EventDate "2004.02.21"]
[Source "lmi"]
[SourceDate "2004.02.23"]

1. e4 c5 2. Nf3 e6 3. d4 cxd4 4. Nxd4 a6 5. Nc3 Qc7 6. Bd3 g6 7. O-O Bg7 8.
Nde2 d6 9. Bf4 Nd7 10. Qd2 Ngf6 11. Bh6 O-O 12. Bxg7 Kxg7 13. Kh1 b5 14. f4 Bb7
15. Ng3 h5 16. f5 h4 17. Nge2 b4 18. Qg5 Qc5 19. Nf4 Rg8 20. e5 dxe5 21. Nxe6+
fxe6 22. fxe6 e4 23. Qxh4 exd3 24. exd7 Qd6 25. Rae1 d2 0-1

[Event "7. Malaga op"]
[Site "Campillos"]
[Date "2004.02.28"]
[Round "9.13"]
[White "Yeo, Michael J"]
[Black "Teran Alvarez, Ismael"]
[Result "0-1"]
[WhiteElo "2244"]
[BlackElo "2382"]
[PlyCount "56"]
[EventDate "2004.02.21"]
[Source "lmi"]
[SourceDate "2004.02.23"]

1. e4 c5 2. Nf3 d6 3. d4 cxd4 4. Nxd4 Nf6 5. Nc3 a6 6. Bg5 e6 7. f4 Qc7 8. Qf3
b5 9. O-O-O b4 10. e5 Bb7 11. Ncb5 axb5 12. Bxb5+ Nbd7 13. Qh3 b3 14. Qxb3 Bd5
15. c4 Ne4 16. Rhe1 Bb7 17. Qc2 Nxg5 18. fxg5 O-O-O 19. Bxd7+ Rxd7 20. Nb5 Qc5
21. Kb1 dxe5 22. Rxd7 Kxd7 23. Rd1+ Kc8 24. Qd2 Be7 25. Qa5 Kb8 26. a3 Rc8 27.
b4 Qe3 28. Nd4 Be4+ 0-1

[Event "7. Malaga op"]
[Site "Campillos"]
[Date "2004.02.28"]
[Round "9.14"]
[White "Lopez Gonzalez, Daniel"]
[Black "Parfjonov, Pavel"]
[Result "0-1"]
[WhiteElo "2113"]
[BlackElo "2250"]
[PlyCount "84"]
[EventDate "2004.02.21"]
[Source "lmi"]
[SourceDate "2004.02.23"]

1. e4 c5 2. Nf3 Nc6 3. d4 cxd4 4. Nxd4 Qc7 5. Nb5 Qb8 6. Bd3 a6 7. N5c3 b5 8.
Be3 e6 9. O-O Nf6 10. f4 d6 11. Qf3 Bb7 12. Nd2 Be7 13. Qh3 h5 14. Be2 Rh7 15.
f5 Bc8 16. Bg5 b4 17. Na4 Nd4 18. Bd3 Bd7 19. b3 Bxa4 20. bxa4 Qa7 21. Kh1 e5
22. a5 Rc8 23. Nc4 Rc5 24. Rab1 Ng4 25. Bxe7 Kxe7 26. Qh4+ f6 27. h3 Rxc4 28.
Bxc4 Ne3 29. Qg3 Qc5 30. Qg6 Qxc4 31. Qxh7 Nxf1 32. Qxg7+ Ke8 33. Qg6+ Kd7 34.
Qxf6 Ng3+ 35. Kh2 Nxe4 36. Qg7+ Kc6 37. f6 Qxc2 38. Rf1 Nd2 39. Rf2 N4f3+ 40.
Rxf3 Nxf3+ 41. Kg3 Ne1 42. Kh2 Nxg2 0-1

[Event "7. Malaga op"]
[Site "Campillos"]
[Date "2004.02.28"]
[Round "9.15"]
[White "Nava Baro, Enrique"]
[Black "Lopez Pereyra, Antonio"]
[Result "1-0"]
[WhiteElo "2207"]
[BlackElo "2159"]
[PlyCount "57"]
[EventDate "2004.02.21"]
[Source "lmi"]
[SourceDate "2004.02.23"]

1. d4 f5 2. g3 Nf6 3. Bg2 g6 4. Nf3 Bg7 5. O-O O-O 6. c4 d6 7. Nc3 Qe8 8. d5
Na6 9. Rb1 c5 10. dxc6 bxc6 11. b4 Bd7 12. b5 Nc5 13. Be3 Nfe4 14. Nxe4 Nxe4
15. Bd4 e5 16. Ba1 Qe6 17. bxc6 Bxc6 18. Ng5 Qd7 19. Nxe4 fxe4 20. Qd2 Rad8 21.
Qe3 Qg4 22. Rbd1 h5 23. h3 Qf5 24. Bb2 Kh7 25. Bc1 Rd7 26. Kh2 h4 27. Qg5 Bf6
28. Qh6+ Kg8 29. g4 1-0